|
|
|
|
| LEADER |
00000nam a2200000 a 4500 |
| 001 |
103315 |
| 003 |
CZ-ZlUTB |
| 005 |
20210624084953.0 |
| 007 |
ta |
| 008 |
070110s2008 gw 000 0 ger d |
| 952 |
|
|
|0 0
|1 0
|4 0
|6 3SPATIAL
|7 0
|8 BOOK
|9 163332
|a UTBZL
|b UTBZL
|c 019
|d 2021-06-24
|l 1
|m 3
|o 3/SPATIAL
|p 420010187487
|q 2029-12-31
|r 2021-07-02 00:00:00
|s 2021-07-02
|v 670.00
|w 2021-06-24
|x N: nákup;
|y 08
|
| 999 |
|
|
|c 103315
|d 103315
|
| 020 |
|
|
|a 978-3-89942-683-0
|z 3-89942-683-5
|
| 040 |
|
|
|a GyGoGBV
|b ger
|d ABD107
|
| 072 |
|
7 |
|a 3
|x Společenské vědy
|2 Konspekt
|9 18
|
| 245 |
0 |
0 |
|a Spatial turn :
|b das Raumparadigma in den Kultur- und Sozialwissenschaften /
|c Jörg Döring, Tristan Thielmann (Hg.)
|
| 260 |
|
|
|a Bielefeld :
|b Transcript,
|c 2008
|
| 300 |
|
|
|a 456 s. :
|b tab.
|
| 490 |
1 |
|
|a Sozialtheorie
|
| 504 |
|
|
|a Obsahuje bibliografii a rejstřík
|
| 650 |
0 |
4 |
|a prostor
|x sociologické aspekty
|
| 650 |
0 |
7 |
|a sociální vědy
|7 ph116214
|2 czenas
|
| 653 |
0 |
|
|a změna paradigmatu
|
| 700 |
1 |
|
|a Döring, Jörg
|4 edt
|
| 700 |
1 |
|
|a Thielmann, Tristan
|4 edt
|
| 830 |
|
0 |
|a Sozialtheorie
|
| 856 |
4 |
1 |
|u http://www.gbv.de/dms/weimar/toc/522226744_toc.pdf
|y Obsah
|
| 910 |
|
|
|a ZLD002
|
| 942 |
|
|
|2 udc
|
| 992 |
|
|
|a BK
|